Hunger for reality. (Record no. 13093)

000 -LEADER
fixed length control field 00635nam a2200193 a 4500
001 - CONTROL NUMBER
control field :::00010911$&:&@@
003 - CONTROL NUMBER IDENTIFIER
control field OkBaRHE
005 - DATE AND TIME OF LATEST TRANSACTION
control field 20000607103403.0
008 - FIXED-LENGTH DATA ELEMENTS--GENERAL INFORMATION
fixed length control field s1972 j 000 0 eng u
040 ## - CATALOGING SOURCE
Transcribing agency
100 1# - MAIN ENTRY--PERSONAL NAME
Personal name Verwer, George.
245 10 - TITLE STATEMENT
Title Hunger for reality.
260 ## - PUBLICATION, DISTRIBUTION, ETC. (IMPRINT)
Place of publication, distribution, etc Bromley, Kent, UK:EN., :
Name of publisher, distributor, etc STL Books
Date of publication, distribution, etc c1972
300 ## - PHYSICAL DESCRIPTION
Extent 96 p. ;
Dimensions 18 cm.
650 ## - SUBJECT ADDED ENTRY--TOPICAL TERM
Topical term or geographic name as entry element Christian Life
942 ## - ADDED ENTRY ELEMENTS (KOHA)
Source of classification or shelving scheme
Koha item type Books
Copies
Price effective from Date last seen Shelving location Withdrawn status Permanent Location Barcode Lost status Full call number Damaged status Koha item type Date acquired Copy number Not for loan Source of classification or shelving scheme
2010-04-142010-04-14General Stacks RHEMA Bible Training College10911 BV 4501.2 .V42 Books2010-04-141  
2010-04-142010-04-14General Stacks RHEMA Bible Training College15241 BV 4501.2 .V42 Books2010-04-142